| 000 | 03527cam a22004574i 4500 | ||
|---|---|---|---|
| 003 | PE-LiUPU | ||
| 005 | 20250731173418.0 | ||
| 008 | 150706s r 000 0 d | ||
| 020 | _a9780829720037 | ||
| 035 | _a(Sirsi) i9780829720037 | ||
| 040 |
_aPE-LiUPU _bspa _cPE-LiUPU _erda |
||
| 049 | _aPRUA | ||
| 082 | 0 | 4 |
_a270 _bH96 _221 |
| 100 | 1 |
_aHurlbut, Jesse Lyman, _d1843-1930, _eautor. |
|
| 245 | 1 | 0 |
_aHistoria de la iglesia cristiana / _cJesse Lyman Hurlbut. |
| 264 | 1 |
_a[Grand Rapids, Mich.] : _bVida, _c1999. |
|
| 300 |
_a206 páginas ; _c22 cm. |
||
| 336 |
_atext _2rdacontent |
||
| 337 |
_aunmediated _2rdamedia |
||
| 338 |
_avolume _2rdacarrier |
||
| 505 | 0 | _aLos seis períodos generales de la historia de la iglesia -- La iglesia apostólica: 30-100 D.C. primera parte: la iglesia Pentecostal -- La iglesia apostólica: 30-100 D.C. segunda parte: la expansión de la iglesia -- La iglesia apostólica: 30-100-D.C. tercera parte: la iglesia entre los gentiles -- La iglesia apostólica: 30-100 D.C. cuarta parte: la edad sombría -- La iglesia perseguida: 100-313 D.C, segunda parte: las persecuciones imperiales -- La iglesia perseguida: 100-313 D.C. segunda parte: formación del canon del Nuevo Testamento. Desarrollo de la organización eclesiástica. Desarrollo de la doctrina -- La iglesia perseguida: 100-313 D.C. tercera parte: desarrollo de secta y herejías. Condición de la iglesia -- La iglesia imperial: 313-476 D.C. primera parte: la victoria del cristianismo -- La iglesia imperial.: 313-476 D.C. segunda parte: fundación de Constantinopla. División del imperio. Supresión del paganismo. Controversias y concilios. Nacimiento del monacato -- La iglesia imperial: 313-476 D.C. tercera parte: desarrollo del poder en la iglesia de Roma. Caída del imperio romano occidental. Líderes del período -- La iglesia medieval: 476-1453 D.C. primera parte: progreso del poder papal -- La iglesia medieval: 476-1453 D.C. segunda parte: surgimiento del poder musulmán -- La iglesia medieval: 476-1453 D.C. segunda parte: surgimiento del poder musulmán -- La iglesia medieval: 476-1453 D.C. tercera parte: el santo imperio romano. Separación de las iglesias Latina y Griega -- La iglesia medieval: 476-1453 D.C. cuarta parte: las cruzadas -- La iglesia medieval: 476-1453 D.C. quinta parte: desarrollo del monacato. El arte y la literatura medieval -- La iglesia medieval: 476-1453 D.C. Sexta parte: comienzos de la reforma religiosa. Caída de Constantinopla. Eruditos y líderes -- La iglesia reformada: 1453-1648 D.C. Primera parte: fuerzas que antecedieron. La reforma en Alemania -- La iglesia reformada: 1453 - 1648 D.C. Segunda parte: la reforma en otros países. Principios de la reforma. | |
| 526 | _aSEG42 | ||
| 526 | _aSEG41 | ||
| 526 | _aSEG40 | ||
| 526 | _aSEG39 | ||
| 526 | _aP94 | ||
| 526 | _aP87 | ||
| 526 | _aP86 | ||
| 526 | _aP85 | ||
| 526 | _aP77 | ||
| 526 | _aP76 | ||
| 526 | _aP35 | ||
| 541 | _g001-0000579; | ||
| 650 | 0 | 4 |
_aIglesia _xHistoria. |
| 910 |
_agl _bjv _clch _d20120612 |
||
| 942 |
_2ddc _cBOOK |
||
| 949 |
_a270 H96 _wDEWEY _c1 _i64972 _lCCODEBUL1 _mBUL _p12.00 _r0 _sY _tBOOK _u2015-7-6 _xTEOLOGIA _PP35 _o.STAFF. Colección General |
||
| 994 |
_aC0 _bPEPRU |
||
| 596 | _a1 | ||
| 999 |
_a270 H96 _wDEWEY _c53589 _i64972 _d53589 _e2018-5-9 _f2021-11-11 _g4 _lCCODEBUL1 _mBUL _n19 _p12.00 _q8 _r0 _sY _tBOOK _u2015-7-6 _xTEOLOGIA _PP35 _0COMPRA _o.STAFF. Colección General |
||
| 980 |
_81 _gALBERTO SANCHEZ Responsable de Automatización |
||